000
002460000a22000970004500
100
1
_a
Cabrera Leiva, Guillermo
245
1
0
_a
Cristianismo sin la cruz
300
_a
Vol. 3, Núm 14 (1991), Páginas 7
773
0
_t
Impacto Presbiteriano
942
_c
ANA
999
_c
50974
_d
50974